000 00743nam a22002777a 4500
001 BR0003630
003 BR-BrBNA
005 20230928100720.0
007 ta
008 230509b bl.||||| |||| 00| 0 por d
040 _aBR-BrBNA
_bpor
_cBiblioteca Nacional de Agricultura
041 _a(Por)
072 _aE14
090 _ E14 BR0003630
110 1 _aCompanhia Nacional de Abastecimento, Brasilia, DF (Brasil)
245 1 _aO PRODEA e o avanco das parcerias e dos mutiroes
260 3 _aBrasilia, DF (Brasil):
_c1998.
300 _a76 p.
500 _a18 Tables
650 _aAlimentacao
650 _aPrograma de Nutricao
650 _aFome
650 _aErradicacao
909 _a202309
_bLucia
_c55
_dLucia Elande
942 _cBK
999 _c62470
_d62470